F1 Drivers 2020 - Statistics

General Stats
  • This quiz has been taken 646 times
  • The average score is 15 of 20
Answer Stats
Hint Answer % Correct
Mercedes Lewis Hamilton
99%
Ferrari Sebastian Vettel
90%
Mercedes Valtteri Bottas
86%
Ferrari Charles Leclerc
85%
McLaren Lando Norris
83%
McLaren Carlos Sainz
82%
Renault Daniel Ricciardo
79%
Alpha Tauri Pierre Gasly
79%
Racing Point Sergio Perez
77%
Red Bull Max Verstappen
74%
Alfa Romeo Kimi Raikkonen
73%
Racing Point Lance Stroll
71%
Williams George Russell
70%
Haas Kevin Magnussen
70%
Renault Esteban Ocon
69%
Red Bull Alexander Albon / Alex Albon
68%
Williams Nicholas Latifi
62%
Haas Romain Grosjean
52%
Alfa Romeo Antonio Giovinazzi
47%
Alpha Tauri Daniil Kvyat
46%
No matching quizzes found
Score Distribution
Percent of People with Each Score
Percentile by Number Answered
Your Score History
You have not taken this quiz